Aktuálne problémy podnikovej sféry zborník vedeckých prác [z medzinárodnej vedeckej konferencie, Bratislava 17. 5. 2012]

Salvato in:
Dettagli Bibliografici
Enti autori: Aktuálne problémy podnikovej sféry. Medzinárodná vedecká konferencia, Fakulta podnikového manažmentu EU. Katedra podnikovohospodárska
Altri autori: Tóth, Miroslav, 1961-, Fetisovová, Elena, Tršťanská, Alena
Natura: Libro
Lingua:slovacco
Pubblicazione: Bratislava Vydavateľstvo EKONÓM 2012
Soggetti:
Tags: Aggiungi Tag
Nessun Tag, puoi essere il primo ad aggiungerne!!

MARC

LEADER 00000nam a2200000 4500
001 0152681
005 20240502072722.9
020 |a 978-80-225-3427-7 
041 0 |a slo 
044 |a SK 
245 1 0 |a Aktuálne problémy podnikovej sféry  |b zborník vedeckých prác [z medzinárodnej vedeckej konferencie, Bratislava 17. 5. 2012]  |c Štefan Majtán a kolektív ; redakčné a zostaviteľské práce Miroslav Tóth 
264 1 |a Bratislava  |b Vydavateľstvo EKONÓM  |c 2012 
300 |a 698 s. 
610 2 0 |a podnikanie 
610 2 0 |a riadenie podnikové 
610 2 0 |a správa spoločnosti 
610 2 0 |a financovanie projektové 
610 2 0 |a vlastníctvo duševné 
610 2 0 |a marketing manažment 
610 2 0 |a kontroling 
610 2 0 |a konkurencieschopnosť 
610 2 0 |a zodpovednosť podniku spoločenská 
610 2 0 |a podnikanie malé 
610 2 0 |a podnikanie stredné 
610 2 0 |a podnikanie rodinné 
610 2 0 |a sektor terciárny 
610 2 0 |a organizácie neziskové 
700 1 |a Tóth, Miroslav, 1961- 
700 1 |a Fetisovová, Elena 
700 1 |a Tršťanská, Alena 
110 2 |a Aktuálne problémy podnikovej sféry. Medzinárodná vedecká konferencia 
710 2 |a Fakulta podnikového manažmentu EU. Katedra podnikovohospodárska